000 01381nam a2200325 c 4500
003 BLK
005 20250426102753.0
008 180408b bul|||||r ||||||| ||bul||
010 _aKNG00075780000
020 _a978-954-528-724-4
_bиздат.: Труд
040 _aBLK
041 _aBUL
_cBUL
080 _aУкраинска литература
_b821.161.2
_x(=82)-31
_z821.161.2(=82)-31
100 1 _aКурков, Андрей Юриевич
_eпърви автор
_9293847
700 _aКомогорова, Светлана Николаева
_9364272
139 _aКурков, Андрей Юриевич
_bК 94
245 1 0 _aПоследната любов на президента
_bРоман
_cАндрей Юриевич Курков; прев. от рус. Светлана Николаева Комогорова.
257 _aUKR
260 София
_bТруд
_c2007
_fСофия : Инвестпрес
300 _a432 с.
_c20 см
380 _aX
500 _aОриг. загл. Последняя любовь президента / А. Курков. - Офс. изд.
653 _aромани
852 _aЦб 234400
856 4 _qpdf
_u
856 4 _qpdf
_u
942 _cKNG
_n0
_020
944 _aCR
_c19.06.2007
_lВаля Йорданова
_k30558
944 _aED
_c30.10.2017
_lф /
_kВиолета_Тройчева
999 _c71411
_d71411